Undertale Characters - Statistics

General Stats
  • This quiz has been taken 1,037 times
    1,032 since last reset
  • The average score is 12 of 14
Answer Stats
Hint Answer % Correct
"Nyeh heh heh!" Papyrus
98%
"You'd be dead where you stand." Sans
98%
Head of the Royal Guard Undyne
98%
"Howdy!" Flowey
96%
Protagonist Frisk
96%
"I was behind the pillar the whole time." Toriel
95%
"It's me, your best friend." Asriel
93%
Ghost Napstablook
93%
"HOI!" tem
93%
"Mew Mew Kissie Cutie 2 is trash!" Alphys
92%
"Man, Undyne is so cool!" Monster Kid
92%
"It was nice to meet you." Asgore
89%
The hole is only a few feet wide. Mettaton
59%
Crazy Giant Monster #3 Omega Flowey
46%
No matching quizzes found
Score Distribution
Percent of People with Each Score
Percentile by Number Answered
Your Score History
You have not taken this quiz since the last reset